| 000 | 00660nam a2200205 a 4500 | ||
|---|---|---|---|
| 005 | 20210223133326.0 | ||
| 008 | 170620s2005 mx r 000 0 spa d | ||
| 020 | _a9701052943 | ||
| 035 | _aUPN01000218936 | ||
| 049 | _aI | ||
| 050 | 4 |
_aF3429.1 M3 _bS3.2 |
|
| 100 | 1 |
_aScott, Janine _940864 |
|
| 245 | 1 | 3 |
_aLa ciudad de los incas / _cJanine Scott ; il. de Spike Wademan ; tr. de José Antonio García. |
| 260 |
_aMéxico : _bMcGraw-Hill Interamericana, _c2005. |
||
| 300 |
_a24 p. : _bil. |
||
| 534 |
_pTítulo original : _tCity of the incas |
||
| 600 | 1 | 4 |
_aBINGHAM, HIRAM, _d1875-1956 _926160 |
| 650 | 4 |
_aINCAS - _xANTIGUEDADES _926159 |
|
| 905 | _aInfantil | ||
| 999 |
_c191036 _d191036 |
||